书目信息 |
| 题名: |
数学在经营管理、社会科学中的应用
|
|
| 作者: | A.米斯拉希 , M.莎利文 著 | |
| 分册: | ||
| 出版信息: | 北京 中央广播电视大学出版社 1987.03 |
|
| 页数: | 541页 | |
| 开本: | 16开 | |
| 丛书名: | ||
| 单 册: | ||
| 中图分类: | O29:F2 | |
| 科图分类: | ||
| 主题词: | 应用数学 , 数学--应用 | |
| 电子资源: | ||
| ISBN: | 7-304-00107-0 | |
| 000 | 00726nam0 2200217 45 | |
| 001 | 0006151704 | |
| 005 | 20000621152421.8 | |
| 010 | @a7-304-00107-0@d5.95元 | |
| 100 | @a20000615d1987 km y0chiy0120 ea | |
| 101 | 0 | @achi |
| 105 | @a z 000yy | |
| 200 | 1 | @a数学在经营管理、社会科学中的应用@AShu Xue Zai JingYing Guan Li、She Hui Ke Xue Zhong De Ying Yong@f(美)A.米斯拉希,M.莎利文著;李毓芝等译@F(Mei)A.Mi Si La Xi,M.Sha Li Wen Zhu;Li Yu Zhi Deng Yi |
| 210 | @a北京@c中央广播电视大学出版社@d1987.03 | |
| 215 | @a541页@d16开 | |
| 606 | 0 | @a应用数学 |
| 606 | 0 | @a数学@x应用 |
| 690 | @aO29:F2@v3 | |
| 701 | 0 | @aA.米斯拉希@4著 |
| 701 | 0 | @aM.莎利文@4著 |
| 801 | @aCN@bPftUser@c20000615 | |
| 905 | @dO29:F2@eM435/1@b209425@f1 | |
| 数学在经营管理、社会科学中的应用/(美)A.米斯拉希,M.莎利文著;李毓芝等译.-北京:中央广播电视大学出版社,1987.03 |
| 541页;16开 |
| ISBN 7-304-00107-0:5.95元 |
| ● |
| 相关链接 |
|
|
|
正题名:数学在经营管理、社会科学中的应用
索取号:O29:F2/M435/1
 
预约/预借
| 序号 | 登录号 | 条形码 | 馆藏地/架位号 | 状态 | 备注 |
| 1 | 209425 | 202094250 | 自科库401/504自科库 50排3列4层/ [索取号:O29:F2/M435/1] | 在馆 |